All 10k+ Cities in Switzerland - Statistics

General Stats
  • This quiz has been taken 114 times
  • The average score is 60 of 174
Answers on the Map
Answers color-coded by a green-red scale on the quiz's map according to % correct below.
 
Answer Stats
Canton Population Answer % Correct
BE 136,988 Bern
99%
GE 206,635 Genève
99%
ZH 433,989 Zürich
99%
VD 144,160 Lausanne
97%
BS 176,329 Basel
96%
SG 78,213 St. Gallen
95%
TI 63,495 Lugano
89%
ZH 119,315 Winterthur
89%
LU 85,534 Luzern
88%
GR 38,949 Chur
82%
VS 36,624 Sion
82%
BE 55,932 Biel
80%
TI 44,743 Bellinzona
79%
TI 16,394 Locarno
78%
NE 44,898 Neuchâtel
78%
BE 43,905 Thun
78%
FR 38,660 Fribourg
76%
ZG 31,995 Zug
75%
SH 38,666 Schaffhausen
74%
AG 22,290 Aarau
71%
GR 10,800 Davos
71%
VD 26,828 Montreux
66%
SO 16,855 Solothurn
61%
SO 18,715 Olten
59%
VD 20,139 Vevey
59%
GL 12,758 Glarus
57%
SZ 16,181 Schwyz
57%
TG 26,747 Frauenfeld
55%
VD 23,016 Nyon
54%
AG 20,430 Baden
53%
NE 37,233 La Chaux-de-Fonds
51%
BL 15,834 Liestal
51%
VS 21,759 Martigny
51%
SG 24,980 Wil
51%
VD 30,202 Yverdon-les-Bains
51%
UR 10,198 Altdorf
49%
JU 12,739 Delémont
47%
AR 15,893 Herisau
46%
ZH 28,201 Dietikon
45%
VS 17,663 Sierre
45%
FR 26,749 Bulle
43%
BE 42,958 Köniz
42%
ZH 36,352 Uster
42%
ZH 21,272 Kloten
41%
OW 10,742 Sarnen
39%
BE 13,190 Spiez
39%
ZG 17,867 Cham
38%
TG 23,241 Kreuzlingen
37%
BE 16,077 Langenthal
37%
TI 15,068 Mendrisio
37%
SG 13,931 Buchs
36%
SO 18,295 Grenchen
36%
SG 28,640 Rapperswil-Jona
36%
SG 18,454 Gossau
34%
ZH 10,569 Gossau
34%
AG 11,184 Lenzburg
34%
VD 17,720 Morges
34%
TG 11,728 Romanshorn
34%
VD 11,412 Aigle
33%
AG 13,288 Brugg
33%
BE 17,119 Burgdorf
33%
AG 12,796 Zofingen
33%
ZG 24,973 Baar
32%
GE 22,311 Carouge
32%
AG 21,479 Wettingen
32%
SZ 12,476 Arth
30%
ZH 24,186 Bülach
30%
LU 29,632 Kriens
30%
BE 16,406 Lyss
30%
GE 26,882 Meyrin
30%
SG 14,279 Uzwil
30%
AG 17,481 Wohlen
30%
VD 14,018 Gland
29%
LU 15,475 Horw
29%
GE 36,229 Lancy
29%
ZH 21,553 Opfikon
29%
ZH 12,509 Pfäffikon
29%
ZH 18,561 Thalwil
29%
BE 11,678 Belp
28%
LU 32,380 Emmen
28%
SG 10,631 Flawil
28%
ZH 23,709 Horgen
28%
VS 18,886 Monthey
28%
GE 18,886 Onex
28%
BL 16,566 Pratteln
28%
VD 19,287 Pully
28%
VD 21,408 Renens
28%
AG 13,854 Rheinfelden
28%
AG 12,512 Spreitenbach
28%
BE 16,467 Steffisburg
28%
LU 10,810 Sursee
28%
GE 37,460 Vernier
28%
ZH 26,462 Wetzikon
28%
VS 10,488 Crans-Montana
26%
ZH 31,506 Dübendorf
26%
SZ 16,464 Einsiedeln
26%
GL 19,639 Glarus Nord
26%
BS 22,408 Riehen
26%
TG 15,853 Arbon
25%
LU 14,662 Ebikon
25%
SZ 14,044 Küssnacht
25%
NE 10,875 Le Locle
25%
BL 18,234 Muttenz
25%
BE 18,195 Ostermundigen
25%
BE 13,530 Muri bei Bern
24%
AG 15,080 Oftringen
24%
VD 10,545 Payerne
24%
ZH 19,676 Regensdorf
24%
ZH 12,862 Rüti
24%
ZH 20,581 Schlieren
24%
ZH 19,707 Adliswil
22%
BL 15,664 Binningen
22%
ZH 15,162 Küsnacht
22%
GE 16,690 Thônex
22%
GE 13,846 Versoix
22%
ZH 25,753 Wädenswil
22%
ZH 17,625 Wallisellen
22%
BE 11,477 Zollikofen
22%
BL 22,110 Allschwil
21%
TG 14,643 Amriswil
21%
FR 10,296 Estavayer
21%
ZH 17,679 Illnau-Effretikon
21%
ZH 14,751 Meilen
21%
ZG 11,449 Risch
21%
ZH 13,570 Zollikon
21%
SZ 16,943 Freienbach
20%
ZH 11,832 Hinwil
20%
VS 10,605 Naters
20%
ZH 15,067 Stäfa
20%
AG 11,340 Suhr
20%
NE 17,499 Val-de-Ruz
20%
ZH 19,723 Volketswil
20%
SG 12,456 Altstätten
18%
GE 10,864 Bernex
18%
BL 12,304 Münchenstein
18%
BE 13,113 Münsingen
18%
SH 11,213 Neuhausen am Rheinfall
18%
VD 12,417 Prilly
18%
BL 20,258 Reinach
18%
ZG 10,338 Steinhausen
18%
TG 12,233 Weinfelden
18%
BE 11,526 Worb
18%
BL 10,745 Aesch
17%
VD 10,624 Bussigny
17%
VD 10,794 Lutry
17%
ZH 11,666 Männedorf
17%
AG 11,349 Möhlin
17%
BE 10,426 Münchenbuchsee
17%
NE 10,649 Val-de-Travers
17%
ZH 12,859 Affoltern am Albis
16%
ZH 12,186 Bassersdorf
16%
BL 10,338 Birsfelden
16%
VD 13,320 Ecublens
16%
VD 12,595 La Tour-de-Peilz
16%
ZH 14,209 Richterswil
16%
ZH 10,424 Urdorf
16%
GE 11,917 Veyrier
16%
ZH 10,562 Wald
16%
VS 13,976 Brig-Glis
14%
BE 11,628 Ittigen
14%
GE 12,221 Plan-les-Ouates
14%
VS 10,814 Val de Bagnes
14%
SG 10,026 Wittenbach
14%
LU 10,033 Hochdorf
13%
BL 11,498 Oberwil
13%
BL 10,068 Therwil
13%
VD 12,343 Blonay
12%
GE 13,876 Chêne-Bougeries
12%
ZH 10,308 Embrach
12%
SG 10,169 Eschenbach
12%
GE 12,806 Le Grand-Saconnex
12%
SG 10,337 Widnau
12%
ZH 10,919 Maur
11%
FR 12,444 Villars-sur-Glâne
11%
No matching quizzes found
Score Distribution
Percent of People with Each Score
Percentile by Number Answered
Your Score History
You have not taken this quiz